Children of Bodom albums - Statistics

General Stats
  • This quiz has been taken 171 times
    162 since last reset
  • The average score is 9 of 10
Answer Stats
Year Album % Correct
1999 Hatebreeder
98%
2000 Follow the Reaper
97%
2003 Hate Crew Deathroll
97%
1998 Something Wild
93%
2005 Are You Dead Yet?
92%
2019 Hexed
92%
2008 Blooddrunk
89%
2015 I Worship Chaos
81%
2013 Halo of Blood
80%
2011 Relentless Reckless Forever
69%
No matching quizzes found
Score Distribution
Percent of People with Each Score
Percentile by Number Answered
Your Score History
You have not taken this quiz since the last reset